000
00334nam a2200157Ia 4500
100
_a
Ambawade/Dayanand
650
_a
Comptuter Network
942
_c
BK
366
_f
25
245
_a
Advanced computer Network
260
_b
Dreamtech
_c
2011
082
_a
4.6
_b
AMB
300
_a
368
546
_a
ENGLISH
_c
Computers
999
_c
25193
_d
25193